Encendido electrónico
Guardado en:
| Hovedforfatter: | |
|---|---|
| Andre forfattere: | , |
| Format: | Bog |
| Udgivet: |
[San José , Costa Rica]
1974
|
| Tags: |
Tilføj Tag
Ingen Tags, Vær først til at tagge denne postø!
|
MARC
| LEADER | 00000nam a2200000Ia 4500 | ||
|---|---|---|---|
| 003 | PIE088 | ||
| 005 | 20231113101223.0 | ||
| 008 | 140116s1974 c a m 000 ||s d | ||
| 040 | |c cru CEDI | ||
| 090 | |a PIE-88 | ||
| 100 | |a Moreno Benavides, Carlos Ml |9 15020 | ||
| 245 | |a Encendido electrónico | ||
| 260 | |a [San José , Costa Rica] |c 1974 | ||
| 300 | |a 37 hojas: ilustraciones, 8 fotos originales | ||
| 500 | |a A la cabeza de la portada. Universidad de Costa Rica. Facultad de Ingeniería. Departamento de Ingeniería Eléctrica y Mecánica | ||
| 501 | |a Profesores Guías: Ing. Jaime Allen Flores Ing. Víctor Hugo Chacón Prendas | ||
| 700 | |a Allen Flores, Jaime, 1952- |d Director de Proyecto Eléctrico |9 1747 | ||
| 700 | |a Chacón Prendas, Víctor Hugo, 1950- |d Director de Proyecto Eléctrico |9 1745 | ||
| 942 | |c PIE |h PIE-88 |i PIE088 |6 PIE_88_PIE088 | ||
| 999 | |c 21371 |d 21371 | ||
